Propio y ajeno / (Record no. 780)

MARC details
000 -LEADER
campo de control de longitud fija 01649cam a22003497i 4500
001 - NÚMERO DE CONTROL
campo de control 17969744
005 - FECHA Y HORA DE LA ÚLTIMA TRANSACCIÓN
campo de control 20220326193337.0
008 - DATOS DE LONGITUD FIJA--INFORMACIÓN GENERAL
campo de control de longitud fija 131212s2012 cr a c 000 0 spa d
010 ## - NÚMERO DE CONTROL DE LA BIBLIOTECA DEL CONGRESO
Número de control de LC 2014480680
020 ## - NÚMERO INTERNACIONAL ESTÁNDAR DEL LIBRO
Número Internacional Estándar del Libro 9789930944332
020 ## - NÚMERO INTERNACIONAL ESTÁNDAR DEL LIBRO
Número Internacional Estándar del Libro 9930944338
035 ## - NÚMERO DE CONTROL DEL SISTEMA
Número de control de sistema (OCoLC)ocn878976556
040 ## - FUENTE DE CATALOGACIÓN
Centro catalogador/agencia de origen IXA
Lengua de catalogación eng
Centro/agencia transcriptor TEF
Normas de descripción rda
Centro/agencia modificador OCLCO
-- DLC
042 ## - CÓDIGO DE AUTENTICACIÓN
Código de autenticación lccopycat
043 ## - CÓDIGO DE ÁREA GEOGRÁFICA
Código de área geográfica nccr---
082 ## - NÚMERO DE LA CLASIFICACIÓN DECIMAL DEWEY
Número de clasificación 770
Número de ítem C512p
100 1# - ENTRADA PRINCIPAL--NOMBRE DE PERSONA
Nombre de persona Cabezas, Victoria,
Término indicativo de función/relación photographer.
9 (RLIN) 4181
245 10 - MENCIÓN DEL TÍTULO
Título Propio y ajeno /
Mención de responsabilidad, etc. Victoria Cabezas ; autores de los textos: María José Chavarría y Karina Salguero.
260 ## - PUBLICACIÓN, DISTRIBUCIÓN, ETC.
Lugar de publicación, distribución, etc. San José
Nombre del editor, distribuidor, etc. Museo de Arte y Diseño Contemporáneo;
Fecha de publicación, distribución, etc. 2012
300 ## - DESCRIPCIÓN FÍSICA
Extensión 52 p. :
Otras características físicas ill. (col.) ;
Dimensiones 24 cm
500 ## - NOTA GENERAL
Nota general Catalog from the exhibition held March 9-May 5, 2012 at Museo de Arte y Diseño Contemporáneo, San José, Costa Rica.
505 ## - NOTA DE CONTENIDO CON FORMATO
Título Presentación // Fiorella Resenterra
-- Propio y Ajeno // María José Chavarría
-- Victoria Cabezas: Clase de foto. Múltiple e indivisible // Karina Salguero
600 10 - PUNTO DE ACCESO ADICIONAL DE MATERIA--NOMBRE DE PERSONA
Nombre de persona Cabezas, Victoria
Subdivisión de forma Exhibitions.
9 (RLIN) 4182
650 #0 - PUNTO DE ACCESO ADICIONAL DE MATERIA--TÉRMINO DE MATERIA
Término de materia o nombre geográfico como elemento de entrada Photography, Artistic
Subdivisión de forma Exhibitions.
9 (RLIN) 1562
650 #0 - PUNTO DE ACCESO ADICIONAL DE MATERIA--TÉRMINO DE MATERIA
Término de materia o nombre geográfico como elemento de entrada Fotografía
Subdivisión geográfica Costa Rica
Subdivisión general Exhibiciones
9 (RLIN) 4183
650 #0 - PUNTO DE ACCESO ADICIONAL DE MATERIA--TÉRMINO DE MATERIA
Término de materia o nombre geográfico como elemento de entrada Fotografía
9 (RLIN) 910
700 1# - ENTRADA AGREGADA--NOMBRE PERSONAL
Nombre de persona Chavarría, María José,
Término indicativo de función/relación curator,
-- writer of introduction.
9 (RLIN) 2428
700 1# - ENTRADA AGREGADA--NOMBRE PERSONAL
Nombre de persona Salguero, Karina,
Término indicativo de función/relación writer of supplementary textual content.
9 (RLIN) 4184
710 2# - ENTRADA AGREGADA--NOMBRE DE ENTIDAD CORPORATIVA
Nombre de entidad corporativa o nombre de jurisdicción como elemento de entrada Museo de Arte y Diseño Contemporáneo (San José, Costa Rica),
Término indicativo de función/relación host institution.
9 (RLIN) 2429
906 ## - ELEMENTOS DE DATOS F LOCAL, LDF (RLIN)
a 7
b cbc
c copycat
d 3
e ncip
f 20
g y-gencatlg
Holdings
Estatus retirado Estado de pérdida Fuente del sistema de clasificación o colocación Estado de daño No para préstamo Biblioteca de origen Biblioteca actual Ubicación en estantería Fecha de adquisición Total de préstamos Signatura topográfica completa Código de barras Visto por última vez Precio de reemplazo Tipo de ítem Koha
    Clasificación Decimal Dewey     Biblioteca LadoV Biblioteca LadoV   16/11/2015   770 C512p 000647 16/11/2015 16/11/2015 Material 01